| 000 | 00765cam a22002657a 4500 | ||
|---|---|---|---|
| 001 | 15925495 | ||
| 003 | ARRUPE | ||
| 005 | 20140226020008.0 | ||
| 008 | 090929s2008 tz 000 f eng | ||
| 010 | _a 2009333087 | ||
| 020 | _a9789976973341 | ||
| 020 | _a9976973349 | ||
| 040 |
_aDLC _cDLC |
||
| 042 | _alcode | ||
| 050 | 0 | 0 | _aPR9385.7.N33.W7 |
| 100 | 1 |
_aNdunguru, S. N. _94663 |
|
| 245 | 1 | 2 |
_aA wreath for Fr. Mayer / _cSeverin Ndunguru. |
| 246 | 3 | _aWreath for Father Mayer | |
| 250 | _aRev. ed. | ||
| 260 |
_aDar es Salaam, Tanzania : _bMkuki na Nyota Publishers, _c2008. |
||
| 300 |
_a158 p. ; _c21 cm. |
||
| 906 |
_a7 _bcbc _corigode _d4 _encip _f20 _gy-gencatlg |
||
| 942 |
_2lcc _cMONOGRAPH _01 |
||
| 999 |
_c118928 _d118928 |
||